000 00595nam a2200205Ia 4500
005 20250923144830.0
008 008 250917s9999 xx 000 0 eng d
037 _aTextual
040 _aDSWL
_beng
_cDSWL
041 _aeng
_2eng
084 _aY1:1:1z:46,N5u, K2
_qDSWL
100 _aLerner, Daniel
_9828876
245 4 _aThe passing of traditional society
_cby Daniel Lerner
260 _aGlencoe
_bTheFree Press of
_c1962
300 _axiv,466p.
365 _aINR
_b7.5
925 _g7.5
942 _cTEXL
_hY1:1:1z:46,N5u, K2
999 _c1443917
_d1443917